[Event "Autumn Cup RR3"]
[Site "Wellington Chess Club"]
[Date "2023.06.08"]
[Round "4.1"]
[White "McConnell, Jack"]
[Black "Marney, John"]
[Result "1-0"]
[WhiteElo "1664"]
[BlackElo "1673"]
[WhiteFideId "0"]
[BlackFideId "0"]
[PlyCount "0"]
[EventDate "2023.05.18"]
[SourceDate ""]

1. e4 e5 2. Nf3 Nc6 3. Bc4 Bc5 4. O-O Nf6 5. d4 Bxd4 6. Nxd4 Nxd4 7. f4 d6 8.
fxe5 dxe5 9. Bg5 Qe7 {Qe7 is one of the two most common moves in this position,
and probably the best, with Black scoring well in this variation.} 10. Kh1 {Kh1
looks like a somewhat slow move in a line where White has sacrificed a pawn,
but the King's vulnerability on the a7-g1 diagonal is extremely relevant in
most lines, as the black Queen often threatens forks on the c5 square.} 10...
Be6 11. Na3 {This unusual-looking move is again a normal idea in the
Koltanowski Variation.} 11... O-O-O {This position, rightly, looks fairly
dangerous for White. In the nine games which have reached this position
according to my database, White has managed a brilliant score of 1 win, 1 draw,
and 7 loses.} 12. Bxf6 $5 {Stockfish disapproves slightly of this exchange, but
it can't really be trusted because it dislikes White's position already and is
trying to make a draw. The idea is very simply to get compensation through play
against the doubled f-pawns, with an advantage for White in many potential
endgames.} 12... gxf6 13. c3 $6 {Challenging black to do their worst with the
allowed discovery.} 13... Bxc4 $6 {This is not "the worst" for White. Piece
trades generally limit the danger for White and accentuate the weakness of the
f-pawns. Both my opponent and I missed the strength of Nb5!}  (13... Nb5 14.
Qb3 Nxa3 15. Bxe6+ fxe6 16. Qxa3 Qxa3 17. bxa3 {A variation such as this would
likely have occured, and this endgame is a completely different story to those
"favourable for White." White's pawns are as (or more) jumbled than Black's,
and Black has crucial access to the 2nd rank, where an absence of the f2 pawn
in particular makes the King, as well as the White pawns, extremely weak. White
is not obligated to go into the endgame of course, but their pawn structure
will be damaged regardless, and with it any kind of mitigating trump for the
lost material.} ) 14. Nxc4 Ne6 15. Qf3 {Going to work against the f-pawns, and
achieving for the first time since the pawn sacrifice what I would call a
pleasant position.} 15... Nf4 {This is the most testing move. Black won't hold
onto f6 this way but g3 is quite a significant concession to make on White's
side, as the King looks extremely airy. In the four previous games which had
reached this position Qc5 or Ng5 had been played instead, so Nf4 is the first
completely new move, and (though Black has plenty of "equal" options according
to Stockfish) an improvement over earlier games.} 16. g3 {Despite the risk,
this is White's only logical continuation.} 16... Rd3 $6 {Black immeadiately
dives into the complications, but here White has a few options to create
difficulty.} 17. Qf2 $5 {The move looked like the refutation of Black's 16th,
but 17...Qe6!, which my opponent found, keeps chances level. Instead, and
confusingly, Stockfish suggests White is better after Ne3.}  (17. Ne3 Qc5 $1 (
17... Ng6 $2 18. Nd5 $1 {This was the important tactic I missed, The threat of
Nd5 makes Qc5 an only move, and after White kicks the Rook out, Whites position
is dominant.} 18... Rxf3 19. Nxe7+ Nxe7 20. Rxf3) 18. Rae1 {It's particularly
difficult to see that this variation is good for White given that here White is
forced to make a defensive move and seems to be on the back foot.} 18... Ng6
19. Qe2 Rd6 (19... Rhd8 20. Nd5 R8xd5 21. exd5 Qxd5+ 22. Qg2 Qxg2+ 23. Kxg2)
20. Nd5) 17... Qe6 $1 18. Na3 {b3 is slightly better, to keep the knight
active, but i was concerned about the weakness of my c-pawn and though this
move, if somewhat passive would still keep my threats in the air.} 18... Nh3
19. Qxa7 $6 {Suprisingly Stockfish says Black is better after this move, and
prefers Qxf6, which I ruled out on account of the variation which is given as
the top line.}  (19. Qxf6 Qxf6 20. Rxf6 Rd2 {I stopped analysing here, because
i didn't think i could survive the Rook's arrival on my second rank. However:}
21. Nc4 $1 Re2 22. Rxf7 Ng5 23. Rf5 Nxe4 24. Raf1 b5 25. Rf8+ Rxf8 26. Rxf8+
Kd7 27. Nxe5+ Ke7 28. Rh8 Rxb2 29. Rxh7+ Ke6 30. Nc6 {It is clear after this
series of moves that White is drawing, though a lot of accuracy is needed by
both sides. White has a nice pair of passers on the Kingside, but Black, to
compensate, has a dangerously active king.} ) 19... Qc6 {Simply making a mating
threat.} 20. Rae1 {All other moves lose, though this is pretty intuitive.}  (
20. Rfe1 $2 Ng5 21. Qf2 Kb8 {The reason this Rook move is so fatal compared to
Rae1 is because in the other line White has the resource Qxf6 here, which hits
the Queen so Black doesn't have time to threaten discoveries.} 22. Qe2 Rhd8
{And now White cannot do anything about the invasion of the second rank.} )
20... Kd7 $2 {Ng5! simply adding pressure to the e-pawn, would still give Black
a significant advantage. This is obviously not an easy move to consider when
White is threatening to win a Rook, but 20...Kd7 gives White extremely valuable
time to regroup and gain a significant advantage.}  (20... Ng5 $1 21. Qf2 Kb8
$6 (21... Rf3 22. Qg2 Rxf1+ 23. Qxf1 Kb8 {The strategic idea behind this line
is very similar to the Rfe1 line, but Black needs to trade a pair of Rooks to
engineer the pressure on the e-pawn, which eases White's difficulties
somewhat.} 24. Qc4 Qd7 25. Qb5) 22. Qxf6) 21. Nc2 $1 {White desperately needs
to reactivate the offside Knight and harass the Queen away from attacking the
e-pawn.} 21... Rd6 $6 {Black could have dreamed of slightly more counterplay
with Rd2 than they get in this line.} 22. Nb4 Qb6 23. Qxb6 {Finally White has
arrived at the dream endgame, though I nearly lost many times trying to get
here. With equal material and a structural plus White should be able to put
serious pressure on Black's defense from here on.} 23... Rxb6 24. b3 {Re2 was a
more active defense of the b-pawn, but this move is no disaster.} 24... c6 $2
{Locking Black's Rook in a box is a serious and losing mistake, after which
White's Rooks get to go on something of a rampage.} 25. Rxf6 Ke7 $6 {Allowing a
tactic, which worsens the position even more.} 26. Rf5 $5 {After playing this
move I saw the winning trick I'd missed, 26.Nd5+! Fortunately I got an
opportunity to show it off in a few more moves.} 26... f6 27. Ref1 Ng5 28. Rxf6
Nxe4 29. Nd5+ $1 {The trick is particularly aesthetically pleasing now, thanks
to the Knight on e4, though for the same reason it's not quite as good as it
was a few moves ago, when I would have won the exchange without dropping the
c-pawn.} 29... cxd5 30. Rxb6 Nxc3 31. Rxb7+ $6 {Rff6 immeadiately was more
decisive, in an endgame where decisiveness would have been appreciated, rather
than having to constantly mind knight forks and passed pawns.}  (31. Rff6 e4
32. Kg2 h5 33. a4 d4 34. Rfe6+ Kf7 35. Red6 d3 $4 36. Rxb7+ Ke8 37. Ra6) 31...
Ke6 {Kd6 would have put up more resistance, running forward, whereas Ke6 lets
me reset the position.} 32. Rb6+ Ke7 33. Rff6 $1 Nxa2 34. Rfe6+ Kf7 35. Rxe5
Rd8 36. Re2 Nc3 37. Rd2 Rd7 38. Rb4 Ke6 39. Kg2 Rf7 40. Rf2 Rd7 41. Rf3 d4 42.
Rd3 Ke5 43. Rc4 Ne2 $4 {I was interested in Ke4, which I thought might be
Black's best try, though I couldn't figure out if it blundered Rcxc3 (In
hindsight it obviously wasn't played because it blunders Rdxc3!!!!)}  (43...
Ke4 44. Rcxc3 {My obsession with this Rcxc3 tactic embarrassingly blinded me to
the fact that Rdxc3 just wins a clean Knight. Hopefully I would have noticed
this had we got the position on the board.} 44... Rb7 45. Rxd4+ Kxd4 46. Rc4+
Kd5 47. Rh4 Rxb3 48. Rxh7 {This was my over-the-board analysis, which is
winning for me, though to be honest I really resented that I had let what
should have been an easier endgame become a tedious Rook versus Rook and two.}
) 44. Kf2 {The knight has nowhere to run but into the tactic I'd been obsessing
over for the last few moves.} 44... Nc3 45. Rcxc3 Rf7+ 46. Rf3 $1 {This
resource to counter Rf7+ prevents the Knight capture from being just a
simplification into a tedious (though still winning) theoretical Rook endgame.}
46... dxc3 47. Rxf7 Kd4 48. Rc7 Kd3 49. b4 Kd2 50. b5 1-0

[Event "Autumn Cup RR3"]
[Site "Wellington Chess Club"]
[Date "2023.06.08"]
[Round "4.2"]
[White "Saglam, Yigit"]
[Black "Henrys, Francis"]
[Result "1-0"]
[WhiteElo "1827"]
[BlackElo "1692"]
[WhiteFideId "0"]
[BlackFideId "0"]
[PlyCount "0"]
[EventDate "2023.05.18"]
[SourceDate ""]

1. d4 d5 2. c4 e6 3. Nf3 Nf6 4. g3 c6 5. Bg2 Nbd7 6. O-O dxc4 7. Nbd2 Nb6 8.
Qc2 Be7 9. Nxc4 O-O 10. b3 Nbd5 11. a3 b5 12. Nce5 Bb7 13. Nxc6 Rc8 14. Nxd8
Rxc2 15. Nxb7 Rxe2 16. b4 Rc8 17. Nc5 h6 18. Nd2 Nc3 19. Bf3 e5 20. Bxe2 Nxe2+
21. Kg2 Nxd4 22. Nde4 Nd5 1-0

[Event "Autumn Cup RR3"]
[Site "Wellington Chess Club"]
[Date "2023.06.08"]
[Round "4.3"]
[White "Malcolm, Aidan"]
[Black "Dixon, Hamish"]
[Result "1-0"]
[WhiteElo "1791"]
[BlackElo "1713"]
[WhiteFideId "4315073"]
[BlackFideId "0"]
[PlyCount "0"]
[EventDate "2023.05.18"]
[SourceDate ""]

1. e4 c5 2. d4 $1 cxd4 3. c3 $3 dxc3 4. Nxc3 Nc6 5. Nf3 d6 6. Bc4 Bg4 $4 7.
Bxf7+ Kxf7 8. Ng5+ Ke8 9. Qxg4 Nf6 10. Qe6 Qd7 $2 {loses a piece } 11. Qf7+ Kd8
12. Ne6+ Kc8 13. Nxf8 { So far this is an exact replica of a game Hamish had
against Andrew Stone 4 years ago, which I had looked over just hours earlier }
13... Nd8 (13... Qg4 14. Qe6+ {1-0 Stone-Dixon, 2019} ) 14. Qxg7 1-0

[Event "Autumn Cup RR3"]
[Site "Wellington Chess Club"]
[Date "2023.06.15"]
[Round "5.1"]
[White "Dixon, Hamish"]
[Black "McConnell, Jack"]
[Result "0-1"]
[WhiteElo "1713"]
[BlackElo "1664"]
[WhiteFideId "0"]
[BlackFideId "0"]
[PlyCount "0"]
[EventDate "2023.05.18"]
[SourceDate ""]

1. e4 c5 2. Nf3 e6 3. d4 cxd4 4. Nxd4 Nc6 5. Nc3 Qc7 6. Be3 a6 7. Qd2 {My
opponent decides on the English Attack, which was a small suprise as I'd been
expecting either 7.Be2 or a3.} 7... Nf6 8. f3 Ne5 {The most commonly played and
most natural move in this position, 8...Bb4, is actually a minor inaccuracy
when White plays an English attack with the 8.f3 move-order instead of 8.0-0-0,
for the basic reason that the e-pawn is already defended, so 9.a3 is an
effective response. Ne5 prepares to play 9...Bb4, where 10.a3 can now be met by
capturing twice on c3 (if necessary) to double White's pawns.} 9. O-O-O Bb4 10.
Kb1 {This is one of White's more compliant moves, and allows Black to quickly
progress with the plan of doubling the c-pawns. 10.Nb3 is the main line, while
10.g4 is a more aggressive option which prepares the kingside pawn storm.}
10... Bxc3 11. Qxc3 {Qxc3 has been played more often than bxc3, but the later
move is probably better. The structural damage means Black stands better in an
endgame, so, though it is true the black Queen applies significant pressure on
the c-file, White's best option is probably to leave Queens on and go for an
attack.} 11... Qxc3 12. bxc3 d5 13. Bf4 $5 {Committing to a pawn sacrifice with
the hope that trapping Black's king in the center will create difficulties.
Practically this turned out to be a fairly good decision.} 13... Ng6 14. Bd6
dxe4 15. Bc4 $6 {This move helps Black to unravel with the tempo-winning b5.
15.h4 h5 16.c4 seems like White's best try, where the doubled pawn becomes a
frustrating cramp on Black's position.}  (15. h4 h5 16. c4 Bd7 17. c5 Nd5 18.
Re1 e5 19. Nb3 exf3 20. gxf3 f6) 15... e5 $6 {This move is not necessarily bad,
but 15...b5 would have been a simpler path, as the pawn on e5 turns out to be
extremely weak and difficult to protect.} 16. Nb3 exf3 $6 {16...b5 should have
been thrown in first, so that the bishop didn't have the option of retreating
to d3.}  (16... b5 17. Be2 Be6) 17. gxf3 b5 18. Bd3 Bb7 19. Rhf1 Nd7 $4 {A
serious mistake which allows White to get an advantage after 20.Na5 because
black's bishop is extremely short on squares.}  (19... Nd5 {This was Black's
best move. I knew it was good after Rde1 (which is White's best response) but
forgot Nxc3 comes with check when I was looking at 20.Be4, which in retrospect
is obviously a serious error.} 20. Rde1 f6 21. Na5 Bc8 22. c4 bxc4 23. Bxc4
Ndf4 {Black's problems are largely solved in this line, as the kingside pawns
have been stabilised, though there is obviously still a fair amount of work to
be done unravelling before Black can prove an advantage.} ) 20. Rde1 $6 {This
misses the strength of Na4, but it should still be enough to hold the balance
of the game.} 20... O-O-O {This is an unpleasant place to put the king, but it
is somewhat forced.} 21. c4 $2 {A mistake, as the pawn cannot be safely
recaptured without dropping a Bishop. Because 21...bxc4 is also a fork, White
must make serious concessions to avoid losing outright.} 21... bxc4 22. Bxc4 $4
{22.Bxg6 was slightly more resilient, but still quite bad for White.}  (22.
Bxg6 hxg6 23. Na5 Bd5 24. Rd1 Nb6 25. Bxe5 Rh5 26. Bg3 Ba8 27. Rxd8+ Kxd8
{Black should be able to put a lot of pressure on White in this endgame given
all White's pawns are weak.} ) 22... Nb6 23. Bxf7 Rxd6 {White resigned here.
There is still a little play in the position but with only a pawn for the piece
(if that) Black should find it fairly easy to convert the extra material.} 0-1

[Event "Autumn Cup RR3"]
[Site "Wellington Chess Club"]
[Date "2023.06.15"]
[Round "5.3"]
[White "Marney, John"]
[Black "Saglam, Yigit"]
[Result "1/2-1/2"]
[WhiteElo "1673"]
[BlackElo "1827"]
[WhiteFideId "0"]
[BlackFideId "0"]
[PlyCount "0"]
[EventDate "2023.05.18"]
[SourceDate ""]

1. e4 d6 2. d4 Nf6 3. Nc3 g6 4. Be3 Bg7 5. f3 c6 6. Qd2 Bd7 7. Bd3 O-O 8. O-O-O
b5 9. e5 Ne8 10. f4 b4 11. Ne4 a5 12. h4 Na6 13. Bxa6 Rxa6 14. Qe2 Ra8 15. h5
Qc8 16. hxg6 fxg6 17. Nf3 Bg4 18. Nf2 Bf5 19. Rdg1 Nc7 20. g4 Be6 21. Ng5 h6
22. Nxe6 Qxe6 23. Kb1 Qd5 24. f5 g5 25. Nd3 Nb5 26. Bxg5 Nxd4 27. Qe3 hxg5 28.
Qxg5 Nf3 29. Qh5 dxe5 30. Qh7+ Kf7 31. Qg6+ Kg8 32. Qh7+ 1/2-1/2

[Event "Autumn Cup RR3"]
[Site "Wellington Chess Club"]
[Date "2023.06.22"]
[Round "2.3"]
[White "Saglam, Yigit"]
[Black "Malcolm, Aidan"]
[Result "0-1"]
[WhiteElo "1827"]
[BlackElo "1791"]

1.d4 d5 2.c4 g6 3.cxd5 Nf6 4.Nf3 Bg7 5.Nc3 Nxd5 6.e4 Nxc3 7.bxc3 c5 8.Bb5+ Bd7
9.Qa4 O-O 10.Bxd7 Qxd7 11.Qxd7 Nxd7 12.Rb1 b6 13.O-O Rac8 14.Bb2 cxd4 15.cxd4 Rc2
16.Rfc1 Rfc8 17.Rxc2 Rxc2 18.Kf1 Nf6 19.Ne1 Rd2 20.f3 Nh5 21.Bc3 Rxa2 22.Ra1 Rxa1
23.Bxa1 Nf4 24.Kf2 Kf8 25.Ke3 Bh6 26.Kf2 Bg7 27.Ke3 Ne6 28.Nc2 Ke8 29.f4 Nc7
30.Kd3 Kd7 31.Na3 b5 32.Bc3 e6 33.Nc2 Bf8 34.Ne3 b4 35.Bb2 h5 36.Nc4 Bd6 37.g3 f5
38.exf5 gxf5 39.Nd2 Nd5 40.Nb3 Kc6 41.Na5+ Kb5 42.Nc4 Bc7 43.Bc1 a5 44.Nb2 b3
45.Nc4 Nb4+ 46.Kc3 Na2+ 47.Kxb3 Nxc1+ 48.Kc3 Ne2+ 49.Kd3 Kb4 50.Ne3 Nxd4 0-1

[Event "Autumn Cup RR4"]
[Site "Wellington Chess Club"]
[Date "2023.05.18"]
[Round "1"]
[White "Brockway, Andrew"]
[Black "Osborne, Geoff"]
[Result "0-1"]
[WhiteElo "1648"]
[BlackElo "1464"]
[WhiteFideId "4320905"]
[BlackFideId "4310233"]
[PlyCount "0"]
[EventDate "2023.05.18"]
[SourceDate ""]

1. e4 c5 2. Nc3 d6 3. f4 g6 4. Nf3 Bg7 5. Bc4 e6 6. O-O Ne7 7. d3 Nbc6 8. Qe1
a6 9. a3 O-O 10. Qg3 Nd4 11. Nxd4 Bxd4+ 12. Kh1 Bg7 13. Rf3 b5 14. Ba2 Bb7 15.
Rf1 Bc6 16. f5 exf5 17. exf5 Nxf5 18. Rxf5 gxf5 19. Bg5 Be5 20. Bf4+ Kh8 21.
Bxe5+ dxe5 22. Qxe5+ f6 23. Qxf5 Ra7 24. Qxc5 Rc7 25. Qf5 Rg7 26. Ne4 Re8 27.
Rf1 Rg6 28. Bf7 Re5 29. Qf2 Bxe4 30. dxe4 Rg7 31. Bd5 Reg5 32. Qf3 Rxg2 33.
Qxg2 Rxg2 34. Kxg2 Qe7 35. Rf3 h6 36. Rg3 h5 37. Rg8+ Kh7 38. Rb8 Qg7+ 39. Kh1
Qg4 40. Rb7+ Kh6 41. Rc7 Qd1+ 42. Kg2 Qe2+ 43. Kh1 Kg5 44. Rc3 Kf4 45. Bb3 h4
46. Rh3 Qd1+ 47. Kg2 Qe2+ 48. Kh1 Qf1# 0-1

[Event "Autumn Cup RR4"]
[Site "Wellington Chess Club"]
[Date "2023.05.25"]
[Round "2.2"]
[White "Coates, Alex"]
[Black "Brockway, Andrew"]
[Result "1/2-1/2"]
[WhiteElo "1705"]
[BlackElo "1648"]
[WhiteFideId "4311540"]
[BlackFideId "4301340"]
[PlyCount "0"]
[EventDate "2023.05.18"]
[SourceDate ""]

1. d4 Nf6 2. c4 e6 3. Nc3 Bb4 4. Qc2 Nc6 5. Nf3 d6 6. Bg5 h6 7. Bh4 g5 8. Bg3
g4 9. Nd2 Nxd4 10. Qd3 e5 11. e4 Be6 12. Bh4 Rg8 13. a3 Bxc3 14. bxc3 Nc6 15.
Rb1 Rg6 16. Rxb7 Rb8 17. Qb1 Qc8 18. Rxb8 Qxb8 19. Qxb8+ Nxb8 20. Bd3 Nfd7 21.
Ke2 Nc5 22. Rb1 Nc6 23. Nb3 Na4 24. Kd2 Kd7 25. Kc2 Rg8 26. Nd2 Nc5 27. Bf6 Rg6
28. Bh4 Rg8 29. Bf6 Rg6 1/2-1/2

[Event "Autumn Cup RR4"]
[Site "Wellington Chess Club"]
[Date "2023.05.25"]
[Round "2.3"]
[White "Ulm, Joy"]
[Black "Farrington, Lawrence"]
[Result "1-0"]
[WhiteElo "1631"]
[BlackElo "1518"]
[WhiteFideId "4321081"]
[BlackFideId "4301749"]
[PlyCount "0"]
[EventDate "2023.05.18"]
[SourceDate ""]

1. d4 Nf6 2. c4 g6 3. Nc3 Bg7 4. e4 d6 5. h3 O-O 6. Bg5 h6 7. Be3 e5 8. Nf3 Nc6
9. d5 Ne7 10. Be2 Ne8 11. Nd2 f5 12. f3 Bd7 13. Qb3 b6 14. Qc2 f4 15. Bf2 Nf6
16. b4 a5 17. bxa5 Rxa5 18. Nb3 Ra7 19. a4 Qa8 20. Qa2 Nc8 21. a5 Nh5 22. Nb5
Bxb5 23. cxb5 Ng3 24. Bxg3 fxg3 25. a6 Rf7 26. O-O g5 27. Qd2 Ne7 28. Qe1 Ng6
29. Qxg3 Nf4 30. Bc4 Qc8 31. Nc1 Bf8 32. Qf2 h5 33. Nd3 Ng6 34. Qe2 h4 35. Nb4
Ne7 36. Nc6 Nxc6 37. dxc6 Qe8 38. Qa2 Kg7 39. Bxf7 Qxf7 40. Qxf7+ Kxf7 41. Kh2
Ke6 42. Rad1 Be7 43. g3 hxg3+ 44. Kxg3 Bf6 45. Rh1 Ra8 46. Kg4 Rg8 47. Ra1 d5
48. a7 Ra8 49. exd5+ Kxd5 50. Kf5 Be7 51. Rhd1+ Kc5 52. Rd7 Bd6 53. Ke6 Re8+
54. Kf5 Ra8 55. Kxg5 Kxb5 56. Rxd6 cxd6 57. c7 Kc6 58. c8=Q+ Rxc8 59. a8=Q+
Rxa8 60. Rxa8 Kb7 61. Ra1 b5 62. h4 1-0

[Event "Autumn Cup Swiss"]
[Site "Wellington Chess Club"]
[Date "2023.05.18"]
[Round "1.2"]
[White "Chaturvedi, Vivaan"]
[Black "Katkodia, Ali"]
[Result "0-1"]
[WhiteElo "1243"]
[BlackElo "1835"]
[WhiteFideId "0"]
[BlackFideId "4321057"]
[PlyCount "0"]
[EventDate "2023.05.18"]
[SourceDate ""]

1. e4 d6 2. d4 Nf6 3. Nc3 g6 4. Nf3 Bg7 5. Bf4 c6 6. Bd3 Nbd7 7. Qd2 e5 8. dxe5
dxe5 9. Bg5 Qc7 10. Bc4 b5 11. Bb3 a5 12. a3 Ba6 13. Rd1 Rd8 14. Bxf6 Bxf6 15.
Ne2 Nc5 16. Qc1 Nxe4 17. Rxd8+ Qxd8 18. O-O Qb6 19. Ng3 Nc5 20. Re1 Nxb3 21.
cxb3 O-O 22. Nxe5 Qc7 23. Nxc6 Rc8 24. Qd2 Qxc6 25. Qxa5 Bxb2 26. Rb1 Bc3 27.
b4 Bb7 28. a4 Qxg2# 0-1

[Event "Autumn Cup Swiss"]
[Site "Wellington Chess Club"]
[Date "2023.05.18"]
[Round "1.3"]
[White "Stoeveken, Peter"]
[Black "Hooper, John"]
[Result "0-1"]
[WhiteElo "1774"]
[BlackElo "1142"]
[WhiteFideId "4304098"]
[BlackFideId "4321049"]
[PlyCount "0"]
[EventDate "2023.05.18"]
[SourceDate ""]

1. d4 d5 2. c4 e6 3. Nf3 Nf6 4. e3 c5 5. Nc3 Bd7 6. Qc2 cxd4 7. exd4 Bb4 8. Bg5
O-O 9. Bd3 Bxc3+ 10. bxc3 g6 11. Qd2 Ba4 12. Ne5 Nbd7 13. Ng4 dxc4 14. Be2 Ne4
15. Bxd8 Nxd2 16. Bf6 Nxf6 17. Nxf6+ Kg7 18. Nxh7 Kxh7 19. Kxd2 b5 20. Rhe1
Rfc8 21. f4 f5 22. Bf3 Rab8 23. Rxe6 b4 24. Re7+ Kh6 25. Rxa7 Bc6 26. Bxc6 Rxc6
27. cxb4 Rxb4 28. Kc3 Rb8 29. Re1 Rbc8 30. Ree7 Kh5 31. Ra4 Kg4 32. g3 g5 33.
Rg7 Re8 34. Rxg5+ Kf3 35. Rxc4 Re3+ 36. Kb4 Rb6+ 37. Kc5 Ra6 38. a4 Re8 39.
Rxf5 Ra5+ 40. Kd6 Rxf5 41. Rc5 Rf6+ 42. Kd7 Rh8 43. Ke7 Ra6 44. Rc7 Rh7+ 45.
Kd8 Ra8+ 46. Rc8 0-1

[Event "Autumn Cup Swiss"]
[Site "Wellington Chess Club"]
[Date "2023.05.18"]
[Round "1.4"]
[White "He, Zachary"]
[Black "Hurndell, Robert"]
[Result "0-1"]
[WhiteElo "1069"]
[BlackElo "1727"]
[WhiteFideId "4320905"]
[BlackFideId "4310233"]
[PlyCount "0"]
[EventDate "2023.05.18"]
[SourceDate ""]

1. e4 c5 2. Nf3 d6 3. d4 cxd4 4. Nxd4 Nf6 5. Nc3 g6 6. Bd3 Bg7 7. Bg5 O-O 8.
O-O Nc6 9. Nxc6 bxc6 10. Qf3 Bb7 11. Bxf6 Bxf6 12. Bc4 Qa5 13. Rab1 Rab8 14.
Rfe1 Bg7 15. Qe3 e6 16. b4 Qb6 17. Qxb6 axb6 18. Na4 b5 19. Nb6 bxc4 20. Nd7
Ba6 21. Nxf8 Kxf8 22. Red1 Ke7 23. a4 Bc3 24. f4 Rxb4 25. Rxb4 Bxb4 26. a5 Bxa5
27. Ra1 Bb6+ 28. Kh1 Bb5 29. Rb1 f5 30. e5 dxe5 31. fxe5 Bd4 32. Ra1 Bxa1 33.
h4 Ba4 34. g4 Bxc2 35. g5 Be4+ 36. Kh2 Bxe5+ 37. Kh3 c3 38. h5 c2 39. h6 c1=Q
0-1